Recursos Humanos (Registro nro. 1117)
[ vista simple ]
| 000 -LEADER | |
|---|---|
| fixed length control field | 01249 a2200265 4500 |
| 001 - CONTROL NUMBER | |
| control field | 23692 |
| 005 - DATE AND TIME OF LATEST TRANSACTION | |
| control field | 20260407155523.0 |
| 008 - FIXED-LENGTH DATA ELEMENTS--GENERAL INFORMATION | |
| fixed length control field | 260407a2010 arg spa d |
| 003 - CONTROL NUMBER IDENTIFIER | |
| control field | AR-UNSa-BCEJYS |
| 040 ## - CATALOGING SOURCE | |
| Original cataloging agency | AR-UNSa-BCEJYS |
| Language of cataloging | spa |
| Transcribing agency | AR-UNSa-BCEJYS |
| 080 ## - UNIVERSAL DECIMAL CLASSIFICATION NUMBER | |
| Universal Decimal Classification number | 658.3 |
| Common auxiliary subdivision | Personal. Relaciones humanas en la empresa (Recursos Humanos) |
| 020 ## - INTERNATIONAL STANDARD BOOK NUMBER | |
| International Standard Book Number | 978-987-615-097-2 |
| 041 ## - LANGUAGE CODE | |
| Language code of text/sound track or separate title | spa |
| 100 1# - MAIN ENTRY--PERSONAL NAME | |
| Personal name | Aquino, Jorge A. |
| 245 10 - TITLE STATEMENT | |
| Title | Recursos Humanos |
| 264 #1 - PRODUCTION, PUBLICATION, DISTRIBUTION, MANUFACTURE, AND COPYRIGHT NOTICE | |
| Place of production, publication, distribution, manufacture | Buenos Aires : |
| Name of producer, publisher, distributor, manufacturer | Pearson Educación |
| Date of production, publication, distribution, manufacture, or copyright notice | 2010 |
| 300 ## - PHYSICAL DESCRIPTION | |
| Extent | 281 p. |
| Dimensions | 23 cm. |
| 505 ## - FORMATTED CONTENTS NOTE | |
| Formatted contents note | 1. Los trabajadores, la gerencia y las empresas - 2. El rol de los recursos humanos y la empresa - 3. La selección del personal - 4. Capacitación y capital intelectual - 5. Desarrollo. Planeamiento de reemplazos y sucesiones. Los planes de carrera - 6. La gestión del desempeño - 7. Compensaciones. Remuneración fija, variable y beneficios - 8. Relaciones gremiales - 9. El sistema de comunicaciones |
| 590 ## - LOCAL NOTE (RLIN) | |
| Local note | niveau_biblio:m niveau_hierar:0 |
| 700 1# - ADDED ENTRY--PERSONAL NAME | |
| Personal name | Vola -Luhrs, Roberto E. |
| 700 1# - ADDED ENTRY--PERSONAL NAME | |
| Personal name | Arecco, Marcelo J. |
| 700 1# - ADDED ENTRY--PERSONAL NAME | |
| Personal name | Aquino, Gustavo J. |
| 856 41 - ELECTRONIC LOCATION AND ACCESS | |
| Uniform Resource Identifier | <a href="https://biblioeco.unsa.edu.ar/pmb/images/libros/Recursos humanos2-l117683.jpg">https://biblioeco.unsa.edu.ar/pmb/images/libros/Recursos humanos2-l117683.jpg</a> |
| Link text | Imagen de portada |
| Electronic format type | image/jpeg |
| 942 ## - ADDED ENTRY ELEMENTS (KOHA) | |
| Koha item type | |
| Withdrawn status | Lost status | Damaged status | Not for loan | Home library | Current library | Shelving location | Date acquired | Total checkouts | Full call number | Barcode | Date last seen | Price effective from | Koha item type |
|---|---|---|---|---|---|---|---|---|---|---|---|---|---|
| Biblioteca Prof. Eusebio Cleto del Rey | Biblioteca Prof. Eusebio Cleto del Rey | 07/04/2026 | 658.3 R311 | L117682 | 07/04/2026 | 07/04/2026 | Libro | ||||||
| Biblioteca Prof. Eusebio Cleto del Rey | Biblioteca Prof. Eusebio Cleto del Rey | 07/04/2026 | 658.3 R311 | L117683 | 07/04/2026 | 07/04/2026 | Libro |